<?xml version="1.0" encoding="UTF-8"?>
<record
    xmlns:xsi="http://www.w3.org/2001/XMLSchema-instance"
    xsi:schemaLocation="http://www.loc.gov/MARC21/slim http://www.loc.gov/standards/marcxml/schema/MARC21slim.xsd"
    xmlns="http://www.loc.gov/MARC21/slim">

  <leader>02936cam a2200361   4500500</leader>
  <controlfield tag="005">20250118003611.0</controlfield>
  <datafield tag="041" ind1=" " ind2=" ">
    <subfield code="a">fre</subfield>
  </datafield>
  <datafield tag="042" ind1=" " ind2=" ">
    <subfield code="a">dc</subfield>
  </datafield>
  <datafield tag="100" ind1="1" ind2="0">
    <subfield code="a">Fournet-Gu&#xE9;rin, Catherine</subfield>
    <subfield code="e">author</subfield>
  </datafield>
  <datafield tag="245" ind1="0" ind2="0">
    <subfield code="a">H&#xE9;ritage reconnu, patrimoine menac&#xE9;&#xA0;: la maison traditionnelle &#xE0; Tananarive</subfield>
  </datafield>
  <datafield tag="260" ind1=" " ind2=" ">
    <subfield code="c">2005.
							</subfield>
  </datafield>
  <datafield tag="500" ind1=" " ind2=" ">
    <subfield code="a">52</subfield>
  </datafield>
  <datafield tag="520" ind1=" " ind2=" ">
    <subfield code="a">R&#xE9;sum&#xE9;Les maisons traditionnelles de Tananarive constituent un patrimoine architectural original, fruit du m&#xE9;tissage entre des apports merina et europ&#xE9;ens. Ces maisons font aujourd&#x2019;hui l&#x2019;objet d&#x2019;enjeux symboliques et identitaires forts car elles sont &#xE0; la fois consid&#xE9;r&#xE9;es comme la maison des anc&#xEA;tres, ce qui n&#xE9;cessite leur maintien au sein de la famille, et comme le support du statut des &#xAB;&#xA0;hautes castes&#xA0;&#xBB; qui s&#x2019;efforcent aujourd&#x2019;hui de les prot&#xE9;ger pour affirmer une identit&#xE9; menac&#xE9;e. Toutefois, le processus de d&#xE9;gradation de ces maisons du xixe si&#xE8;cle est tr&#xE8;s avanc&#xE9;, parfois irr&#xE9;versible, tant les facteurs d&#x2019;alt&#xE9;ration sont nombreux et tant les politiques de pr&#xE9;servation apparaissent d&#xE9;risoires dans un contexte &#xE9;conomique fragile. N&#xE9;anmoins, certains facteurs, variables selon les quartiers, permettent une &#xE9;volution diff&#xE9;renci&#xE9;e de l&#x2019;&#xE9;tat des maisons.</subfield>
  </datafield>
  <datafield tag="520" ind1=" " ind2=" ">
    <subfield code="a">Legacy recognized, heritage threatened: the traditional house in TananariveThe traditional houses of Tananarive, the old quarters of Antananarivo, represent a specific architectural heritage. They are the fruit of cross-fertilization between Merina (traditional Madagascan) and European influences. The houses now are at the core of potent symbolic and identity-related issues. They are considered at one and the same time as emblematic of the ancestors&#x2019; house, which makes it essential to keep them within the family, yet as elements that underpin the status of &#x201C;high castes&#x201D; who now strive to protect them to assert a threatened identity. These xixth houses are in an advanced state of decay. Some are irreparable, given the multitude of factors that contribute to the degradation and the practical non-existence of conservation policies in a perilous economic situation. Nevertheless, certain factors, which vary from district to district, leave room for the state of the houses to be improved to various degrees.</subfield>
  </datafield>
  <datafield tag="690" ind1=" " ind2=" ">
    <subfield code="a">maison des anc&#xEA;tres</subfield>
  </datafield>
  <datafield tag="690" ind1=" " ind2=" ">
    <subfield code="a">Tananarive</subfield>
  </datafield>
  <datafield tag="690" ind1=" " ind2=" ">
    <subfield code="a">Madagascar</subfield>
  </datafield>
  <datafield tag="690" ind1=" " ind2=" ">
    <subfield code="a">architecture coloniale</subfield>
  </datafield>
  <datafield tag="690" ind1=" " ind2=" ">
    <subfield code="a">d&#xE9;gradation</subfield>
  </datafield>
  <datafield tag="690" ind1=" " ind2=" ">
    <subfield code="a">maison traditionnelle</subfield>
  </datafield>
  <datafield tag="690" ind1=" " ind2=" ">
    <subfield code="a">Antananarivo</subfield>
  </datafield>
  <datafield tag="690" ind1=" " ind2=" ">
    <subfield code="a">merina</subfield>
  </datafield>
  <datafield tag="690" ind1=" " ind2=" ">
    <subfield code="a">Merina</subfield>
  </datafield>
  <datafield tag="690" ind1=" " ind2=" ">
    <subfield code="a">Tananarive</subfield>
  </datafield>
  <datafield tag="690" ind1=" " ind2=" ">
    <subfield code="a">colonial architecture</subfield>
  </datafield>
  <datafield tag="690" ind1=" " ind2=" ">
    <subfield code="a">ancestral houses</subfield>
  </datafield>
  <datafield tag="690" ind1=" " ind2=" ">
    <subfield code="a">decay</subfield>
  </datafield>
  <datafield tag="690" ind1=" " ind2=" ">
    <subfield code="a">Madagascar</subfield>
  </datafield>
  <datafield tag="690" ind1=" " ind2=" ">
    <subfield code="a">Antananarivo</subfield>
  </datafield>
  <datafield tag="690" ind1=" " ind2=" ">
    <subfield code="a">traditional house</subfield>
  </datafield>
  <datafield tag="786" ind1="0" ind2=" ">
    <subfield code="n">Autrepart | 33 | 1 | 2005-03-01 | p. 51-69 | 1278-3986</subfield>
  </datafield>
  <datafield tag="856" ind1="4" ind2="1">
    <subfield code="u">https://shs.cairn.info/revue-autrepart-2005-1-page-51?lang=fr&amp;redirect-ssocas=7080</subfield>
  </datafield>
  <datafield tag="999" ind1=" " ind2=" ">
    <subfield code="c">325396</subfield>
    <subfield code="d">325396</subfield>
  </datafield>
</record>
